<?xml version="1.0" encoding="UTF-8"?>
<record
    xmlns:xsi="http://www.w3.org/2001/XMLSchema-instance"
    xsi:schemaLocation="http://www.loc.gov/MARC21/slim http://www.loc.gov/standards/marcxml/schema/MARC21slim.xsd"
    xmlns="http://www.loc.gov/MARC21/slim">

  <leader>03320cam a22003737i 4500</leader>
  <datafield tag="952" ind1=" " ind2=" ">
    <subfield code="0">0</subfield>
    <subfield code="1">0</subfield>
    <subfield code="2">ddc</subfield>
    <subfield code="4">0</subfield>
    <subfield code="7">0</subfield>
    <subfield code="8">SOCIAL PROBLEMS AND SERVICES</subfield>
    <subfield code="a">MES</subfield>
    <subfield code="b">MES</subfield>
    <subfield code="c">SOCIAL PROBLEMS AND SERVICES</subfield>
    <subfield code="d">2019-02-20</subfield>
    <subfield code="g">755.00</subfield>
    <subfield code="l">0</subfield>
    <subfield code="o">364.13380954 SUR/B</subfield>
    <subfield code="p">39028</subfield>
    <subfield code="r">2019-02-20 00:00:00</subfield>
    <subfield code="w">2019-02-20</subfield>
    <subfield code="y">BK</subfield>
    <subfield code="z">GL40R3</subfield>
  </datafield>
  <datafield tag="999" ind1=" " ind2=" ">
    <subfield code="c">8118</subfield>
    <subfield code="d">8118</subfield>
  </datafield>
  <controlfield tag="001">18395971</controlfield>
  <controlfield tag="003">OSt</controlfield>
  <controlfield tag="005">20200110155519.0</controlfield>
  <controlfield tag="008">141204s2014    ii       b    001 0 eng d</controlfield>
  <datafield tag="010" ind1=" " ind2=" ">
    <subfield code="a">  2014497077</subfield>
  </datafield>
  <datafield tag="020" ind1=" " ind2=" ">
    <subfield code="a">9788177083880 hbk</subfield>
  </datafield>
  <datafield tag="020" ind1=" " ind2=" ">
    <subfield code="a">8177083880 hbk</subfield>
  </datafield>
  <datafield tag="035" ind1=" " ind2=" ">
    <subfield code="a">(OCoLC)ocn897031607</subfield>
  </datafield>
  <datafield tag="040" ind1=" " ind2=" ">
    <subfield code="a">UK-RwCLS</subfield>
    <subfield code="b">eng</subfield>
    <subfield code="c">oclc</subfield>
    <subfield code="e">rda</subfield>
    <subfield code="d">OCLCO</subfield>
    <subfield code="d">DLC</subfield>
  </datafield>
  <datafield tag="042" ind1=" " ind2=" ">
    <subfield code="a">lccopycat</subfield>
  </datafield>
  <datafield tag="043" ind1=" " ind2=" ">
    <subfield code="a">a-ii---</subfield>
  </datafield>
  <datafield tag="050" ind1="0" ind2="0">
    <subfield code="a">HV6344.I4</subfield>
    <subfield code="b">S87 2014</subfield>
  </datafield>
  <datafield tag="082" ind1="0" ind2="4">
    <subfield code="a">364.13380954</subfield>
    <subfield code="2">23</subfield>
    <subfield code="b">SUR/B</subfield>
  </datafield>
  <datafield tag="100" ind1=" " ind2=" ">
    <subfield code="a">Sury, M M</subfield>
    <subfield code="e">author.</subfield>
    <subfield code="9">942</subfield>
  </datafield>
  <datafield tag="245" ind1="1" ind2="0">
    <subfield code="a">Black money and tax evasion in India :</subfield>
    <subfield code="b">magnitude, problems and policy measures /</subfield>
    <subfield code="c"> M.M. Sury.</subfield>
  </datafield>
  <datafield tag="264" ind1=" " ind2="1">
    <subfield code="a">New Delhi, India :</subfield>
    <subfield code="b">New Century Publications,</subfield>
    <subfield code="c">2014.</subfield>
  </datafield>
  <datafield tag="300" ind1=" " ind2=" ">
    <subfield code="a">xv, 210 pages ;</subfield>
    <subfield code="c">23 cm</subfield>
  </datafield>
  <datafield tag="336" ind1=" " ind2=" ">
    <subfield code="a">text</subfield>
    <subfield code="b">txt</subfield>
    <subfield code="2">rdacontent</subfield>
  </datafield>
  <datafield tag="337" ind1=" " ind2=" ">
    <subfield code="a">unmediated</subfield>
    <subfield code="b">n</subfield>
    <subfield code="2">rdamedia</subfield>
  </datafield>
  <datafield tag="338" ind1=" " ind2=" ">
    <subfield code="a">volume</subfield>
    <subfield code="b">nc</subfield>
    <subfield code="2">rdacarrier</subfield>
  </datafield>
  <datafield tag="504" ind1=" " ind2=" ">
    <subfield code="a">Includes bibliographical references (pages 199-202) and index.</subfield>
  </datafield>
  <datafield tag="520" ind1=" " ind2=" ">
    <subfield code="a">In recent years, the issue of corruption and black money has come in the forefront after a series of financial scandals. Generation of black money - and its stashing abroad in tax havens and offshore financial centres - has dominated discussions and debate in public fora during the recent past. Members of Parliament, the Supreme Court of India and the public at large have unequivocally expressed concern on the issue, particularly after some reports suggested enormous estimates of such unaccounted wealth being held abroad. After uproar in Parliament, Government of India came out with a White Paper on Black Money in May 2012. The White Paper presented the different facets of black money and its complex relationship with policy and administrative regime in the country. It also reflected upon the policy options and strategies that the Government had been pursuing in the context of recent initiatives, to address the issue of black money and corruption in public life. To meet the deadline set by the Honourable Supreme Court for the previous Government, the new Government of Prime Minister Narendra Modi constituted a Special Investigation Team (SIT), soon after assuming office on May 26, 2014. Headed by Justice M.B. Shah, a former judge of the Supreme Court, SIT was notified on May 27, 2014 to look into the issue of black money. The objective of this book is to explain various facets and dimensions of black money and tax evasion and their complex relationship with the policy and administrative regime in the country. It describes the factors which lead to the generation of black money, and records various estimates of black money and tax evasion. It also presents the measures/strategies that the Government of India has been pursuing to tackle this issue, especially recent initiatives and developments. The work, using simple and non-technical language, is descriptive in nature and designed for a cross section of readers for easy understanding of this rather complex branch of fiscal economics.</subfield>
  </datafield>
  <datafield tag="650" ind1=" " ind2="0">
    <subfield code="a">Tax evasion</subfield>
    <subfield code="z">India.</subfield>
  </datafield>
  <datafield tag="650" ind1=" " ind2="0">
    <subfield code="a">Tax evasion</subfield>
    <subfield code="x">Law and legislation</subfield>
    <subfield code="z">India.</subfield>
  </datafield>
  <datafield tag="650" ind1=" " ind2="0">
    <subfield code="a">Black market</subfield>
    <subfield code="z">India.</subfield>
  </datafield>
  <datafield tag="906" ind1=" " ind2=" ">
    <subfield code="a">7</subfield>
    <subfield code="b">cbc</subfield>
    <subfield code="c">copycat</subfield>
    <subfield code="d">2</subfield>
    <subfield code="e">ncip</subfield>
    <subfield code="f">20</subfield>
    <subfield code="g">y-gencatlg</subfield>
  </datafield>
  <datafield tag="942" ind1=" " ind2=" ">
    <subfield code="2">ddc</subfield>
    <subfield code="c">BK</subfield>
    <subfield code="h">364.13380954</subfield>
    <subfield code="i">SUR/B</subfield>
    <subfield code="k">364.13380954</subfield>
    <subfield code="m">SUR/B</subfield>
  </datafield>
</record>
